| 000 | 00739nam a2200229 i 4500 | ||
|---|---|---|---|
| 001 | bgj | ||
| 100 | 1 | _aKOZMA, Robert B. | |
| 245 | 1 | 0 |
_aInstructional techniques in higher education / _cRobert B. Kozma ; Lawrence W. Belle ; George W. Williams. |
| 250 | _a[2nd print.]. | ||
| 260 |
_aEnglewood Cliffs, NJ : _bEducational Technology Publications, _c1979. |
||
| 300 |
_aXIV, 419 pp : _bfigures ; _c25 cm. |
||
| 500 | _a1st publ. 1978. | ||
| 504 | _aBibliography p. 375-401. | ||
| 505 | _aIncludes glossary and indexes. | ||
| 650 | 9 | _aCollege teaching | |
| 020 | _a0877781265 (hbk, jacket) | ||
| 040 | _cBPK | ||
| 041 | 0 | _aeng | |
| 920 | _a0-87778-126-5 (hbk, jacket) | ||
| 942 | _cKS | ||
| 008 | s uk f |000 0 eng | ||
| 999 |
_c47249 _d47249 |
||
| 856 |
_uhttp://koha.tu.koszalin.pl/cgi-bin/koha/opac-detail.pl?biblionumber=47249 _yKatalog online BPK |
||